| 000 | 00803cam a22002773a 4500 | ||
|---|---|---|---|
| 001 | 23933 | ||
| 003 | PGUSA | ||
| 005 | 20140828083518.0 | ||
| 008 | 071201s2007||||xxu|||||s|||||000 p eng d | ||
| 040 |
_aPGUSA _beng |
||
| 042 | _adc | ||
| 050 | 4 | _aPS | |
| 050 | 4 | _aPZ | |
| 100 | 1 |
_aMoore, Clement Clarke, _d1779-1863 |
|
| 245 | 1 | 0 |
_a'Twas the Night Before Christmas _h[electronic resource] / _cClement Clarke Moore |
| 260 |
_bProject Gutenberg, _c2007 |
||
| 506 | _aPublic domain in the USA. | ||
| 516 | _aElectronic text | ||
| 653 | _aChristmas -- Juvenile poetry | ||
| 653 | _aChildren's poetry, American | ||
| 653 | _aSanta Claus -- Juvenile poetry | ||
| 653 | _aNarrative poetry | ||
| 830 | 0 |
_aProject Gutenberg _v23933 |
|
| 856 | 4 | 0 | _uhttp://www.gutenberg.org/ebooks/23933 |
| 942 | _cEB | ||
| 999 |
_c253188 _d253188 |
||